000 00520nam a2200133Ia 4500
005 20260209120149.0
008 260209s9999||||xx |||||||||||||| ||und||
100 _aAbhyudaya Yadav
245 0 _aContextualizing culpability in securities fraud : an investigation into requirement of intent
260 _aBangaloreBangalore
_bNLSIU, Bangalore
_c2023 - 2024
300 _a37 p. ; 25 cm.
700 _aProf. Rahul Singh - SupervisorProf. Rahul Singh - Supervisor
856 _uhttps://dans.nls.ac.in/handle/123456789/2082
999 _c217641
_d217641